000 00328nam a2200133Ia 4500
008 240624s9999 xx 000 0 und d
041 _aeng
082 _a828 BOT
100 _aBOTTOMORE TOM
245 _aFRANKFURT SCHOOL AND ITS CRITICS
260 _c2015
_aNew Delhi
_bRoutledge
300 _a93 p.; 19 cm.
365 _cRS
_b31
999 _c29507
_d29507